000 00698nam a2200253 a 4500
999 _c4452
_d4452
001 4452
003 BD-JhCC
005 20171129101300.0
008 171127r19651966enka|||| |||| 001 0 eng d
035 _a(BD-JhCC)4452
040 _aBD-JhCC
_dBD-JhCC
041 _aeng
082 _a910
_bPRE 1966
100 _aPreece, M.
245 _aFoundations of Geography :
_bBook I /
_cM. Preece & H. R. B. Wood
260 _aLondon :
_bUniversity Tutorial Press Ltd.,
_c1965 [Reprinted 1966].
300 _aviii, 347 p. :
_billus.,
_c19 cm.
490 _aModern Geography Series
500 _aIncludes Index.
650 _aGeography
700 _aWood, H. R. B.
942 _2ddc
_cBK